Carregant...
Marine biodiversity conservation : a practical approach
| Autor principal: | |
|---|---|
| Format: | Printed Book |
| Idioma: | English |
| Publicat: |
Routledge
2014
|
| LEADER | 00496 a2200145 4500 | ||
|---|---|---|---|
| 005 | 20151028162655.0 | ||
| 008 | 150211b xxu||||| |||| 00| 0 eng d | ||
| 020 | |a 0415723566 | ||
| 082 | |a 639.977 |b Q4 | ||
| 100 | |a Hiscock, Keith | ||
| 245 | |a Marine biodiversity conservation |b : a practical approach | ||
| 260 | |c 2014 |b Routledge | ||
| 942 | |c BK |6 _ | ||
| 999 | |c 83813 |d 83813 | ||
| 952 | |0 0 |1 0 |2 ddc |4 0 |6 639977_Q4 |7 0 |9 103329 |a SOS |b SOS |c CART |d 2014-12-12 |l 1 |o 639.977 Q4 |p MS015991 |r 2015-07-07 |s 2015-05-18 |w 2014-12-12 |y BK | ||